000 00784nam a22001577a 4500
003 OSt
005 20150915155021.0
008 150915b xxu||||| |||| 00| 0 eng d
040 _cRUA
082 _aAGR SRE 2003 B029 Or.1
100 _9535
_aSREI PUTHEA
245 _aEffect of hill spacing on growth and yield for senpidour rice at royal university of agriculture experiment station,(ឥទ្ធិពលចន្លោះគុម្ពទៅលើការលូតលាស់ និងទិន្នផលរបស់ស្រូវសែនពិដោរនៅស្ថានីយ៍ពិសោធន៍ សាកលវិទ្យាល័យភូមិន្ទកសិកម្ម
260 _aphonm penh
_bRUA
_c2003
300 _a55p.
_cill.
_g29cm.
942 _2ddc
_cAGR
999 _c513
_d513